| 000 | 00598nam a2200229 a 4500 | ||
|---|---|---|---|
| 999 |
_c5906 _d5906 |
||
| 001 | 5906 | ||
| 003 | BD-JhCC | ||
| 005 | 20171231115647.0 | ||
| 008 | 171230s1964 e |||| ||a| 000 0 eng d | ||
| 035 | _a(BD-JhCC) 5906 | ||
| 040 |
_aBD-JhCC _dBD-JhCC |
||
| 041 | _aeng | ||
| 082 |
_a510 _bCRO 1964 |
||
| 100 | _aCrouch, Ralph | ||
| 245 |
_aMathematics for Elementary Teachers / _cRalph Crouch; George Baldwin |
||
| 260 |
_aLONDON : _bJOHN WILEY & SONS, INC _c1964 |
||
| 300 |
_a352 p .: _c23 cm . |
||
| 650 | _aMathematics | ||
| 700 | _aBaldwin, George | ||
| 942 |
_2ddc _cBK |
||